King Solomon's Mines / (Record no. 15657)
[ view plain ]
| 000 -LEADER | |
|---|---|
| fixed length control field | 01195nam a22002417a 4500 |
| 008 - FIXED-LENGTH DATA ELEMENTS--GENERAL INFORMATION | |
| fixed length control field | 110627s2008 enk|||||r|||| 000 1 eng d |
| 020 ## - INTERNATIONAL STANDARD BOOK NUMBER | |
| International Standard Book Number | 140586513X |
| 020 ## - INTERNATIONAL STANDARD BOOK NUMBER | |
| International Standard Book Number | 9781405865135 |
| 082 ## - DEWEY DECIMAL CLASSIFICATION NUMBER | |
| Edition number | 22 |
| Classification number | 428.6 |
| Item number | HAG |
| 100 ## - MAIN ENTRY--PERSONAL NAME | |
| 9 (RLIN) | 25962 |
| Personal name | Haggard, H. Rider |
| 245 ## - TITLE STATEMENT | |
| Title | King Solomon's Mines / |
| Statement of responsibility, etc | H. Rider Haggard ; retold by David Maule. |
| 260 ## - PUBLICATION, DISTRIBUTION, ETC. (IMPRINT) | |
| Place of publication, distribution, etc | Harlow : |
| Name of publisher, distributor, etc | Pearson Education, 2008. |
| Date of publication, distribution, etc | 2008 |
| 300 ## - PHYSICAL DESCRIPTION | |
| Extent | ix, 73 p. : |
| Other physical details | col. ill. ; |
| Dimensions | 20 cm. + |
| Accompanying material | 2 CD-ROMs (4 3/4 in.) |
| 490 ## - Series Statement | |
| -- | 25526 |
| Series statement | Penguin readers |
| 521 ## - TARGET AUDIENCE NOTE | |
| Target audience note | B1: Intermediate |
| 650 ## - SUBJECT ADDED ENTRY--TOPICAL TERM | |
| 9 (RLIN) | 24032 |
| Topical term or geographic name as entry element | High interest-low vocabulary books |
| 653 ## - INDEX TERM--UNCONTROLLED | |
| Resource For college | |
| Arrived date list | June2011 |
| 700 ## - ADDED ENTRY--PERSONAL NAME | |
| 9 (RLIN) | 8327 |
| Personal name | Maule, David |
| Relator term | nrt |
| 942 ## - ADDED ENTRY ELEMENTS (KOHA) | |
| Source of classification or shelving scheme | Dewey Decimal Classification |
| Item type | Book - Borrowing |
| Withdrawn status | Item status | Source of classification or shelving scheme | Damaged status | Not for loan | Vendor | Home library | Current library | Shelving location | Date acquired | Source of acquisition | Cost, normal purchase price | Serial Enumeration / chronology | Total Checkouts | Total Renewals | Full call number | Barcode | Checked out | Date last seen | Date last borrowed | Koha item type | Public note |
|---|---|---|---|---|---|---|---|---|---|---|---|---|---|---|---|---|---|---|---|---|---|
| Lost | Dewey Decimal Classification | Baccah | Central Library | Central Library | Second Floor | 27/06/2011 | 40.00 | 12341 | 2 | 72 | 428.6 HAG | 000024298 | 30/01/2014 | 31/12/2012 | 31/12/2012 | Book - Borrowing | |||||
| Dewey Decimal Classification | Baccah | Central Library | Central Library | Second Floor | 27/06/2011 | 40.00 | 12341 | 428.6 HAG | 000024300 | 24/08/2022 | CD | DVD - With book | Disc 1 | |||||||||
| Dewey Decimal Classification | Baccah | Central Library | Central Library | Second Floor | 27/06/2011 | 40.00 | 12341 | 428.6 HAG | 000024299 | 24/08/2022 | CD | DVD - With book | Disc 2 |